[Event "CHI BioBio Region-ch U18"]
[Site "Los Angeles"]
[Date "2015.07.20"]
[Round "2.4"]
[White "Alvarez Navarrete, Omar Lorenzo"]
[Black "Leal Salas, Ricardo Ignacio"]
[Result "1-0"]
[WhiteElo "1157"]
[BlackElo "1350"]
[PlyCount "87"]
[EventDate "2015.07.20"]
[EventType "tourn"]
[EventRounds "9"]
[EventCountry "CHI"]
[SourceTitle "EXT 2024"]
[Source "ChessBase"]
[SourceDate "2023.10.10"]
[SourceVersion "1"]
[SourceVersionDate "2023.10.10"]
[SourceQuality "1"]

1. e4 e6 2. d4 d5 3. e5 c5 4. c3 Qb6 5. Nf3 Nc6 6. a3 c4 7. Nbd2 Na5 8. g3 Bd7 9. Bg2 0-0-0 10. 0-0 Be7 11. Rb1 f6 12. b3 cxb3 13. Nxb3 fxe5 14. Nxe5 Be8 15. Nxa5 Qxb1 16. Qg4 Qf5 17. Qe2 a6 18. c4 Bd6 19. Bf4 Bxe5 20. Bxe5 Nf6 21. cxd5 Bb5 22. Rc1+ Kd7 23. dxe6+ Qxe6 24. Qf3 Ke7 25. Bxf6+ Qxf6 26. Qxb7+ Rd7 27. Re1+ Kf7 28. Qe4 Rxd4 29. Qb1 Re8 30. Qb3+ Bc4 31. Qb7+ Re7 32. Rxe7+ Qxe7 33. Qf3+ Qf6 34. Qb7+ Kg6 35. Qb1+ Bd3 36. Qe1 Bc2 37. Qe8+ Qf7 38. Qc6+ Qf6 39. Qxc2+ Kh6 40. Nb3 Rd6 41. Qc1+ g5 42. h4 Rd3 43. Nc5 Rxa3 44. Qxa3 1-0

[Event "CHI BioBio Region-ch U18"]
[Site "Los Angeles"]
[Date "2015.07.20"]
[Round "3.3"]
[White "Meza Alarcon, Sergio Andres"]
[Black "Alvarez Navarrete, Omar Lorenzo"]
[Result "1-0"]
[WhiteElo "1437"]
[BlackElo "1157"]
[PlyCount "97"]
[EventDate "2015.07.20"]
[EventType "tourn"]
[EventRounds "9"]
[EventCountry "CHI"]
[SourceTitle "EXT 2024"]
[Source "ChessBase"]
[SourceDate "2023.10.10"]
[SourceVersion "1"]
[SourceVersionDate "2023.10.10"]
[SourceQuality "1"]

1. e4 e6 2. d4 d5 3. exd5 exd5 4. Nc3 Nf6 5. Bg5 Be7 6. Nf3 0-0 7. Bd3 h6 8. Bf4 Nc6 9. 0-0 Bg4 10. Be3 Re8 11. h3 Bh5 12. Be2 Bd6 13. Qd2 Ne4 14. Nxe4 Rxe4 15. c3 Qf6 16. Ne5 Bxe2 17. Qxe2 Nxe5 18. dxe5 Rxe5 19. Qb5 b6 20. Bd4 a6 21. Qc6 Rae8 22. Bxe5 Qxe5 23. g3 Re6 24. Qa8+ Kh7 25. Rfe1 Qg5 26. Rxe6 fxe6 27. Qxa6 Bxg3 28. Qf1 Be5+ 29. Qg2 Qd2 30. f3 Qe3+ 31. Kh1 h5 32. Rg1 Qd3 33. Rc1 h4 34. Qc2 Qxc2 35. Rxc2 Kg6 36. Rg2+ Bg3 37. Kg1 Kf5 38. Kf1 Kf4 39. Ke2 e5 40. b4 e4 41. fxe4 dxe4 42. a4 g5 43. a5 bxa5 44. bxa5 c5 45. a6 Kf5 46. a7 g4 47. hxg4+ Kxg4 48. a8Q h3 49. Qxe4+ 1-0